00377 2200157 4500245004000000020002200040250001100062100001700073650002000090005001900110260003300129041001400162084000800176300002600184336000900210 aIlmu LingkungancHR. MulyantohText a978-979-756-269-4 aCet. 1 aHR. Mulyanto aIlmu Lingkungan a20230301144855 aYogyakartabGraha Ilmuc2007 aIndonesia a577 ax, 134 hlm. :c23 cm. atext